Political Parties In Germany - Statistics

General Stats
  • This quiz has been taken 100 times
  • The average score is 5 of 6
Answer Stats
Starting Letters Party % Correct
SDP Social Democratic Party
94%
CDU Christian Democratic Union
90%
AFG Alternative For Germany
85%
TL The Left
84%
A90: TG Alliance 90: The Greens
80%
FDP Free Democratic Party
77%
No matching quizzes found
Score Distribution
Percent of People with Each Score
Percentile by Number Answered
Your Score History
You have not taken this quiz